000 00912cam a2200265 a 4500
001 2580579
003 OSt
005 20240626110150.0
008 960723s1997 ctua b 001 0 eng
010 _a 96034071
020 _a0300067631
040 _aDLC
_cDLC
_dDLC
050 0 0 _aQH540
_b.B63 1997
082 0 0 _a577 BOC 1997
_220
100 1 _aBocking, Stephen,
_91123
245 1 0 _aEcologists and Environmental Politics :
_ba history of contemporary ecology
260 _aNew Haven;
_bYale University Press,
_c1997.
300 _axiv, 271 p. :
_bill. ;
_c24 cm.
504 _aIncludes bibliographical references (p. 236-265) and index.
650 0 _aEcology
_91124
650 0 _aEnvironmental policy
_91125
906 _a7
_bcbc
_corignew
_d1
_eocip
_f19
_gy-gencatlg
942 _2ddc
_cSLOAN
999 _c427
_d427